000
00311nam a2200121Ia 4500
005
20251222142016.0
008
251222s9999||||xx |||||||||||||| ||spa||
082
_a
724.098.537/H22
100
_a
Hardoy, Jorge
245
0
_a
El Centro Histórico del Cusco:
264
_b
Banco Industrial del Perú
942
_c
LIB
999
_c
10488
_d
10488